000 00600cam a22002171 4500
001 af 48002979
003 DLC
005 20260227110859.0
008 960911s1944 it 000 0 ita c
010 _aaf 48002979
035 _a(OCoLC)35515336
040 _aColumbia Univ. Libraries
_cNNC
_dDLC
042 _apremarc
050 0 0 _aDG571
_b.C58
100 1 _aConsiglio, Alberto,
_d1902-1973.
245 1 0 _aAntifascismo primo e secondo.
260 _a[Roma]
_bItalia nuova
_c[1944]
300 _a78 p.
_c21 cm.
651 0 _aItaly
_xPolitics and government
_y1922-1945.
650 0 _aFascism
_zItaly.
999 _c5337
_d5337